00298 a2200121 4500001000700000040003500007100001900042240004100061245003600102300000700138362000900145440002200154152552 cEscola São Tomás de Aquino aRIBEIRO, Jonas10aAlmanaque do alfabeto poéticolpor10aAlmanaque do alfabeto poético a870 a2015 1aEditora do Brasil